00541nam a22001697a 450000500170000001000130001702000260003003500120005603700160006808200080008410000330009224500690012524600450019426000490023927000620028830000210035020220908113815.0 aUR-11714 a9789350737439c300.00 aU-10269 bDBAD/PUBa- a920 aشاہد محمود پوری aنقوش افکار /cشاہد محمود پوریhا ر د و aNuqooshe Afkar /bby Shahid Mahmood Puri aDelhibEducational Publishing Housec2015 ء a3191, Vakil Street, Kucha Pandit, Lal KuanbDelhie110006 a343 صc23cm(Hb)